00613nam a2200181 a 450000500170000000800410001702000180005805000260007610000230010224500570012525000120018226000410019430000230023544000260025865000120028499900190029695201160031520140412111225.0020410s19uu xx 00 eng d a0-87965-028-1 aTR(GS 420.7bB64 Bk.F aBoning, Richard A. aGetting the facts, F :cRichard Boning.bbooklet F / a4th Ed. aNew York :bBarnell Loft Ltd,c1982. a1 v. (unp.) ; ill. aSpecific Skill Series aReading c102027d102027 001040aELbELcTRd2002-04-10eLib. Fundl0oTR(GS 420.7 B64 Bk.FpE0319r2014-04-12 00:00:00w2014-04-12yBK